000 00817nam a22002777a 4500
001 BR0306002
003 BR-BrBNA
005 20230928101456.0
007 ta
008 230509b bl.||||| |||| 00| 0 por d
040 _aBR-BrBNA
_bpor
_cBiblioteca Nacional de Agricultura
041 _a(Por)
072 _aH20
_b4120
090 _ 4120 BR0306002
100 1 _aSouza, A.M. de
110 1 _aUniversidade Federal de Lavras, MG (Brasil)
_0Tese (Mestrado)
245 1 _aDiversidade fenotípica e genotípica de isolados de Pisolithus spp.
260 3 _aLavras, MG (Brasil):
_c2000.
300 _a107 p.
500 _aSummaries (Eng, Por); Bibliography p. 75-94; 18 illus.; 27 tables
650 _aFUNGO
650 _aBIOLOGIA
650 _aMICORRIZA
909 _a202309
_bLucia
_c55
_dLucia Elande
942 _cBK
999 _c66012
_d66012